Información sobre la gestión medioambiental de las empresas (Registro nro. 16827)
[ vista simple ]
| 000 -LEADER | |
|---|---|
| fixed length control field | 00452 a2200133 4500 |
| 001 - CONTROL NUMBER | |
| control field | ART_7096 |
| 005 - DATE AND TIME OF LATEST TRANSACTION | |
| control field | 20260410161719.0 |
| 008 - FIXED-LENGTH DATA ELEMENTS--GENERAL INFORMATION | |
| fixed length control field | 260409a |
| 100 1# - MAIN ENTRY--PERSONAL NAME | |
| Personal name | Fronti de García, Luisa |
| 245 10 - TITLE STATEMENT | |
| Title | Información sobre la gestión medioambiental de las empresas |
| 700 1# - ADDED ENTRY--PERSONAL NAME | |
| Personal name | Granada Abárzuza, María del Carmen |
| 700 1# - ADDED ENTRY--PERSONAL NAME | |
| Personal name | García Fronti, Inés M. |
| 773 0# - HOST ITEM ENTRY | |
| Title | Contabilidad y auditoría |
| Related parts | - Año 6, Nº 11 (jun. 2000) |
| Record control number | REV1723 |
No hay ítems disponibles.